000 00718nam a2200217 a 4500
003 DO-SdBNP
005 20221018142016.0
007 ta
008 091130s1979 dr c 001 0 spa d
040 _aDO-SdBNP
_bspa
_cBNPHU
082 _axxxx
_bR789p
100 _aRosario Ramírez, Félix Benjamin
_931181
245 1 0 _aPeces exóticos en República Dominicana /
_cFélix Benjamín Rosario Ramírez.
260 _aSanto Domingo :
_bSecretaría de Recursos Naturales,
_c1979.
300 _a26 P. ;
_c21 cm.
504 _aIncluye bibliografía p. 25 -26
590 _aInventariado, 2022/ YL
710 1 _aRepública Dominicana
_bSecretaría de Estado de Agricultura
_917769
910 _aYLockward
942 _2ddc
_cLF2
999 _c13350
_d13350